Lógica matemática. (Record no. 24425)

MARC details
000 -LEADER
campo de control de longitud fija 00838nam a2200241 i 4500
001 - NÚMERO DE CONTROL
campo de control 24425
003 - IDENTIFICADOR DE NÚMERO DE CONTROL
campo de control ES-MaACL
005 - FECHA Y HORA DE LA ÚLTIMA TRANSACCIÓN
campo de control 20250804082041.0
007 - CAMPO FIJO DE DESCRIPCIÓN FÍSICA--INFORMACIÓN GENERAL
campo de control de longitud fija t|
008 - DATOS DE LONGITUD FIJA--INFORMACIÓN GENERAL
campo de control de longitud fija 021217s1987 sp ||||1| spa d
020 ## - NÚMERO INTERNACIONAL ESTÁNDAR DEL LIBRO
Número Internacional Estándar del Libro 84-85630-42-4
100 1# - ENTRADA PRINCIPAL--NOMBRE DE PERSONA
Nombre de persona Antón, Amador.
9 (RLIN) 21934
245 10 - MENCIÓN DEL TÍTULO
Título Lógica matemática.
Número de parte o sección de la obra 1,
Nombre de parte o sección de la obra Lógica de enunciados
Resto del título : ejercicios /
Mención de responsabilidad, etc. Amador Antón, Pascual Casañ.
250 ## - MENCION DE EDICION
Mención de edición 3ª ed. corr.
260 ## - PUBLICACIÓN, DISTRIBUCIÓN, ETC.
Lugar de publicación, distribución, etc. Valencia :
Nombre del editor, distribuidor, etc. Universidad, Departamento de Lógica y Filosofía de la Ciencia, Facultad de Filosofía y Ciencias de la Educación :
-- Nau Llibres,
Fecha de publicación, distribución, etc. 1987.
300 ## - DESCRIPCIÓN FÍSICA
Extensión 152 p. :
Otras características físicas gráf. ;
Dimensiones 24 cm.
500 ## - NOTA GENERAL
Nota general Indice.
504 ## - NOTA DE BIBLIOGRAFÍA, ETC.
Nota de bibliografía, etc. Bibliografía.
650 #7 - PUNTO DE ACCESO ADICIONAL DE MATERIA--TÉRMINO DE MATERIA
Término de materia o nombre geográfico como elemento de entrada Lógica matemática
Fuente del encabezamiento o término embne
9 (RLIN) 14697
700 1# - ENTRADA AGREGADA--NOMBRE PERSONAL
Nombre de persona Casañ, Pascual.
9 (RLIN) 36144
852 ## - LOCALIZACIÓN
Ubicación ES-MaACL
Número de control de estantería P-642
Sublocalización o colección R.114761
Holdings
Estatus retirado Estado de pérdida Estado de daño No para préstamo Biblioteca de origen Biblioteca actual Ubicación en estantería Fecha de adquisición Fuente de adquisición Total de préstamos Signatura topográfica completa Código de barras Visto por última vez Precio de reemplazo Tipo de ítem Koha
        Biblioteca del Ateneo de Madrid Biblioteca del Ateneo de Madrid Depósito 2 17/01/2008     P-642 1025185 23/02/2023 23/02/2023 Libro impreso